000 00843nam a22002297a 4500
003 UA-OsUOA
001 97392
007 ta
008 20130329b un ||||| |||| 00| 0 ukr d
090 _a82.09:140.8
_bС44
942 _cBK
040 _aUA-OsUOA
_bukr
_cUA-OsUOA
_dUA-OsUOA
245 _aГригорій Сковорода - джерело духовної величі та сучасність
_bматеріали Переяслав-Хмельницьких 10-11-12-х Сковородинівських читань
_cвідп. ред. Корпанюк М. П.
300 _a448 с.
955 _a1
041 _aukr
080 _a82.09:140.8
020 _a978-966-308-213-4
260 _aТернопіль
_bАстон
_c2007
650 7 _a82 Література. Літературознавство
_2UDC
999 _c383642
_d383642